000
00307nam a2200133Ia 4500
008
100328s9999 xx 000 0 und d
082
_b
16448
100
_a
Mayhew C.Mary
245
_a
Miracle Healing
260
_b
Rider & Co.
630
_a
Miracle Healing
730
_a
Miracle Healing
942
_c
BOOK
999
_c
511108
_d
511105